000 02545nam a2200313 b 4500
005 20140903174915.0
008 051202s1873 fr | f ||| ||fre d
016 7 _abimoBNE20050779902
_2SpMaBN
035 _a(OCoLC)433030570
040 _aSpMaBN
_bspa
_cSandra Yazo (modificó)
_erdc
_dSandra Yazo (modificó)
082 0 4 _220
_a621.1
092 _aE28N011
100 1 _aGuillemin, Amédée
_d1826-1893
_941173
242 0 0 _aEl vapor
_bObra ilustrada con 115 viñetas, por B. Bonnafoux y A. Jahandier
_yspa
245 1 3 _aLa vapeur
_cpar Amédée Guillemin ; ouvrage illustré de 113 vignettes par B. Bonnafoux et A. Jahandier
260 _aParÍs
_bLibrairie Hachette et Cie
_c1873
300 _a364 p.
_bil.
_c18 x 12 cm
490 0 _aBibliothèque des merveilles [Biblioteca de las maravillas]
500 _aDetalles físicos: Encuadernación rígida en cartón duro forrado en tela texturizada. Tapas y lomo decorados con repujados en dorado. Guardas. Anteportada. Portada impresa en una sola tinta. Texto en una columna sobre papel de buena calidad. Varias ilustraciones entre el texto. (Págs. 103, 139, 160, 175, 181, 243, 247, 251, 325, 329). Cortes decorados en rojo. En la guarda delantera sello de papel: “Fresnel y Pombo. Librería. Útiles para escuelas y oficinas. Bogotá; una anotación: “Tadeo Cuéllar P. 1.875”. En la portada una firma: “Alejandro Motta Vargas” y un sellos de tinta. “Doctor Alejandro Motta. Abogado. Calle 19 n° 68”.
505 0 _aIntroducción. ; Parte primera: Qué es el vapor. ; Cómo se forma el vapor. ; Fuerza elástica del vapor. ; El vapor de agua en la atmósfera -- Parte segunda: La máquina de vapor. ; El vapor como fuerza motriz. ; La caldera y la generación de vapor. ; Elementos de seguridad de la caldera. ; Manómetros. ; Tipos de calderas. ; El mecanismo motor. ; EL mecanismo de transmisión. ; Rasgos históricos de la máquina de vapor -- Parte tercera: Aplicaciones de la máquina de vapor. ; La navegación por vapor. ; El vapor en los ferrocarriles. ; Otros vehículos de vapor y máquinas locomotoras de carretera. ; El vapor en la agricultura y en las construcciones industriales. ; El vapor y la industria manufacturera.
506 _aConsulta en sala
546 _aTexto en francés
650 7 _aFerrocarriles
_97620
650 7 _aMáquinas de vapor
_2embne
_941174
690 _aCiencias aplicadas
700 1 _aBonnafoux, B.
_eilustrador
_941175
700 1 _aJahandier, A.
_eilustrador
_941176
942 _cLIBRO
_e1
_2DEWEY
_h621.1
999 _c171779
_d171779